000 00686nam a2200229 a 4500
999 _c2105
_d2105
001 2105
003 BD-JhCC
005 20171030091348.0
008 171029s2011 bena|||| ||a| 00| 0 ben d
020 _a984701560203
035 _a(BD-JhCC)2105
040 _aBD-JhCC
_dBD-JhCC
041 _aben
082 _a891.4435
_bHAQ 2011
100 _aহক, হাসান আজিজুল
245 _aগল্পসমগ্র ২ /
_cহাসান আজিজুল হক
260 _aঢাকা :
_bমাওলা ব্রাদার্স,
_c২০১১.
300 _a288 p. :
_c21 cm.
650 _aCollection Of Short Stories
942 _2ddc
_cBK